Eurolingua deutsch 1 /

Guardado en:
Autor Principal: Funk, Hermann
Formato: Libro
Publicado: Berlín : Cornelsen
Materias:
Etiquetas: Agregar Etiqueta
Sin Etiquetas, Sea el primero en etiquetar este registro!
LEADER 00643nam a22002055a 4500
001 CEM.cems011229
005 20071030165511.0
008 130507b######################000#0#####d
003 CEMS
020 |a 3464210006 
082 0 4 |a 438.64 
100 1 |a Funk, Hermann 
245 1 0 |a Eurolingua deutsch 1 /  |c Hermann Funk 
260 |a Berlín :  |b Cornelsen 
300 |a 255 p. 
653 |a Aleman-actividades 
653 |a Aleman 
859 |a CEMS  |b BIB. CEMS - 11 de abril  |h 438.64  |i F964  |p 130.99  |t Ej.1  |v 1  |3 1 
859 |a CEMS  |b BIB. CEMS - 11 de abril  |h 438.64  |i F964  |p 131.99  |t Ej.2  |v 1  |3 1 
859 |a CEMS  |b BIB. CEMS - 11 de abril  |h 438.64  |i F964  |p 132.99  |t Ej.3  |v 1  |3 1